<?xml version="1.0" encoding="UTF-8"?>
<collection xmlns:xsi="http://www.w3.org/2001/XMLSchema-instance" xsi:schemaLocation="http://www.loc.gov/MARC21/slim http://www.loc.gov/standards/marcxml/schema/MARC21slim.xsd" xmlns="http://www.loc.gov/MARC21/slim">
 <record>
  <leader>00000ctm a22000003a 4500</leader>
  <controlfield tag="001">UP-8027390931312556434</controlfield>
  <controlfield tag="003">Buklod</controlfield>
  <controlfield tag="005">20211013110732.0</controlfield>
  <controlfield tag="006">o--- |     ||   ||</controlfield>
  <controlfield tag="007">ta</controlfield>
  <controlfield tag="008">211013s2019    xx     d     r    |||| u|</controlfield>
  <datafield tag="035" ind1=" " ind2=" ">
   <subfield code="a">(iLib)UPCEB-00012249430</subfield>
  </datafield>
  <datafield tag="040" ind1=" " ind2=" ">
   <subfield code="a">UPC</subfield>
  </datafield>
  <datafield tag="041" ind1=" " ind2=" ">
   <subfield code="a">eng</subfield>
  </datafield>
  <datafield tag="090" ind1=" " ind2="0">
   <subfield code="a">LG 993.5 2019 M38</subfield>
   <subfield code="b">P43</subfield>
  </datafield>
  <datafield tag="100" ind1="1" ind2=" ">
   <subfield code="a">Pedroza, Rhoxette Nazi P.</subfield>
  </datafield>
  <datafield tag="245" ind1="0" ind2="0">
   <subfield code="a">Local stability analysis of mathematical model of virus therapy for cancer</subfield>
   <subfield code="c">Rhoxette Nazi P. Pedroza ;  Dr. Lorna S. Almocera, adviser.</subfield>
  </datafield>
  <datafield tag="264" ind1=" " ind2="1">
   <subfield code="a">Cebu City</subfield>
   <subfield code="b">College of Science, University of the Philippines Cebu</subfield>
   <subfield code="c">2019.</subfield>
  </datafield>
  <datafield tag="300" ind1=" " ind2=" ">
   <subfield code="a">51 leaves</subfield>
  </datafield>
  <datafield tag="502" ind1=" " ind2=" ">
   <subfield code="a">Thesis (Bachelor of Science in Mathematics)--University of the Philippines Cebu. June 2019.</subfield>
  </datafield>
  <datafield tag="520" ind1=" " ind2=" ">
   <subfield code="a">Oncolytic viruses specifically infect cancer cells, replicate in them, kill them, and spread within the tumor cells while leaving normal cells largely unharmed which makes them potentially useful in cancer therapy. In this paper, we analyzed Wodarz?s Model, a nonlinear mathematical model to the study the interaction between tumor cells and the oncolytic viruses. The equilibrium points of the system are investigated, and their stability analysis is carried out. Moreover, the numerical simulation of the analyzed model is also performed which supports the theoretical findings.</subfield>
  </datafield>
  <datafield tag="700" ind1="1" ind2=" ">
   <subfield code="a">Almocera, Lorna S.</subfield>
   <subfield code="e">adviser.</subfield>
  </datafield>
  <datafield tag="856" ind1=" " ind2=" ">
   <subfield code="u">https://drive.google.com/file/d/1DMTeYbpkLtp1OymtcacJuFIl6epcEd55/view?usp=sharing</subfield>
  </datafield>
  <datafield tag="905" ind1=" " ind2=" ">
   <subfield code="a">UP</subfield>
  </datafield>
  <datafield tag="852" ind1="0" ind2=" ">
   <subfield code="a">UPCEB</subfield>
   <subfield code="b">CEBU-LAHUG</subfield>
   <subfield code="h">LG 993.5 2019 M38 P43</subfield>
  </datafield>
  <datafield tag="942" ind1=" " ind2=" ">
   <subfield code="a">Thesis</subfield>
  </datafield>
 </record>
</collection>
